Discursos leídos ante la Academia de la Historia, (Record no. 170833)

MARC details
000 -LEADER
campo de control de longitud fija 01484nam a2200169 i 4500
001 - NÚMERO DE CONTROL
campo de control 170833
003 - IDENTIFICADOR DE NÚMERO DE CONTROL
campo de control ES-MaACL
005 - FECHA Y HORA DE LA ÚLTIMA TRANSACCIÓN
campo de control 20230906214454.0
008 - DATOS DE LONGITUD FIJA--INFORMACIÓN GENERAL
campo de control de longitud fija 090408s1901 sp |||| | spa d
080 ## - NÚMERO DE LA CLASIFICACIÓN DECIMAL UNIVERSAL
Número de la Clasificación Decimal Universal 94(460)
110 2# - ENTRADA PRINCIPAL--NOMBRE DE ENTIDAD CORPORATIVA
Nombre de entidad corporativa o nombre de jurisdicción como elemento de entrada Real Academia de la Historia (España)
9 (RLIN) 6309
245 10 - MENCIÓN DEL TÍTULO
Título Discursos leídos ante la Academia de la Historia,
Fechas extremas/inclusivas 1901 /
Mención de responsabilidad, etc. Real Academia de la Historia.
260 ## - PUBLICACIÓN, DISTRIBUCIÓN, ETC.
Lugar de publicación, distribución, etc. Madrid :
Nombre del editor, distribuidor, etc. [s.n.],
Fecha de publicación, distribución, etc. 1901 (
Fabricante Imp. de los Hijos de M. G. Hernández)
300 ## - DESCRIPCIÓN FÍSICA
Extensión 1 v. ;
Dimensiones 25 cm.
505 8# - NOTA DE CONTENIDO CON FORMATO
Nota de contenido con formato Contiene: Toledo en el siglo XVI: después del vencimiento de las comunidades; Noticias bio-bibliográficas de Pedro de Madrazo y Kuntz / Jerónimo López de Ayala y Álvarez de Toledo (258 p.). Contestación / Juan de Dios de la Rada y Delgado (p. 259-271). La moneda castellana; Datos biográficos de D. Valentín Carderera y Solano / Antonio Vives (36 p.). Contestación / Eduardo Saavedra (p. 37-55). Matrimonios en España y en Francia en 1615 / Francisco Silvela de le Vielleuze (54 p.). Contestación / José María Asensio y Toledo (p. 55-65). Carácter de la conquista y colonización de las islas Canarias; Apuntes biográficoas de D. Luis Vidart y Schuch / Rafael Torres Campos (249 p.). Medallas de los gobernadores de los Países Bajos en el reinado de Felipe II; Noticia biográfica de D. Víctor Balaguer y Cirera / Adolfo Herrera y Chiesanova (57 p.). Contestación / Cesáreo Fernández Duro (p. 59-71).
852 ## - LOCALIZACIÓN
Ubicación ES-MaACL
Número de control de estantería K-128
Nota libre - Enc. pasta española
Holdings
Estatus retirado Estado de pérdida Estado de daño No para préstamo Biblioteca de origen Biblioteca actual Ubicación en estantería Fecha de adquisición Total de préstamos Signatura topográfica completa Código de barras Visto por última vez Precio de reemplazo Tipo de ítem Koha
        Biblioteca del Ateneo de Madrid Biblioteca del Ateneo de Madrid Administración 08/04/2009   K-128 1179288 23/02/2023 23/02/2023 Libro impreso antiguo